[Event "ch-IRI 2013"]
[Site "Tabriz IRI"]
[Date "2013.11.27"]
[Round "1.8"]
[White "Hosseinzadeh,N"]
[Black "Mahjoob,M"]
[Result "1-0"]
[WhiteElo "2205"]
[BlackElo "2419"]

1.e4 c6 2.d4 g6 3.Nc3 Bg7 4.Bc4 d5 5.exd5 b5 6.Bb3 b4 7.Na4 cxd5 8.a3 Nc6
9.Ne2 Na5 10.Ba2 bxa3 11.b3 Nh6 12.Bxa3 O-O 13.O-O Nc6 14.Re1 Qc7 15.c3 Rd8
16.Bc1 a5 17.Bf4 Qa7 18.Nc1 Nf5 19.Nd3 Ba6 20.Bb1 Rac8 21.Ndc5 Nfxd4 22.Nxa6 Nb5
23.Bd3 Qxa6 24.Qe2 Nca7 25.Qxe7 Qc6 26.c4 Nc7 27.Rac1 Re8 28.Qd6 Rxe1+ 29.Rxe1 Qxd6
30.Bxd6 dxc4 31.bxc4 Ne8 32.Ba3 Bf8 33.Bxf8 Kxf8 34.c5 Rd8 35.Ba6 Nc7 36.Bb7 Rd4
37.Nb6 Ne6 38.c6 Ke7 39.c7 Kd6 40.c8=Q Nxc8 41.Nxc8+ Kd7 42.Rc1 Rb4 43.Bf3 a4
44.Na7 a3 45.Nb5 a2 46.Nc3 Rb2 47.Bd5 Nd4 48.Bxa2  1-0

[Event "5th Pilsen Open 2013"]
[Site "Plzen CZE"]
[Date "2013.11.28"]
[Round "5"]
[White "Jochmann,C"]
[Black "Hoekstra,C"]
[Result "1/2-1/2"]
[WhiteElo "2005"]
[BlackElo "1912"]

1.e4 g6 2.d4 Bg7 3.Nc3 c6 4.Be3 d5 5.Be2 dxe4 6.Nxe4 Nd7 7.Nf3 Ngf6 8.Nxf6+ Nxf6
9.O-O O-O 10.Re1 Bg4 11.h3 Bf5 12.c3 h6 13.Qb3 Qc7 14.Ne5 Nd5 15.Bd2 g5 16.Bf3 Rad8
17.Ng4 e6 18.Ne3 Nxe3 19.Bxe3  1/2-1/2

[Event "ch-IRI 2013"]
[Site "Tabriz IRI"]
[Date "2013.12.02"]
[Round "8.8"]
[White "Hosseinipour,M"]
[Black "Darban,M"]
[Result "0-1"]
[WhiteElo "2281"]
[BlackElo "2371"]

1.e4 g6 2.d4 Bg7 3.Nc3 c6 4.Nf3 d6 5.a4 Nf6 6.Be2 O-O 7.O-O a5 8.h3 Na6 9.Be3 Nb4
10.Nd2 Re8 11.Ncb1 e5 12.dxe5 dxe5 13.Na3 Bf8 14.Nac4 Ra6 15.c3 Nd3 16.Nb6 Rxb6
17.Bxb6 Qxb6 18.Bxd3 Qxb2 19.Qc2 Qb6 20.Bc4 Nh5 21.Qb3 Qc7 22.Nf3 h6 23.Rfd1 Kg7
24.Ra2 Bc5 25.Rad2 Qe7 26.Bf1 Qf6 27.c4 b6 28.Ne1 Nf4 29.Qf3 Qe7 30.Kh2 h5
31.g3 Ne6 32.Nc2 h4 33.g4 Ng5 34.Qe2 Ne6 35.Qf3 Ng5 36.Qe2 Qf6 37.Bg2 Qf4+
38.Kh1 Be6 39.Ne1 Bd4 40.Nc2 Bc5 41.Ne1 Qf6 42.Rc2 Bd4 43.Nd3 Bc8 44.Nc1 Bb7
45.Nb3 Ne6 46.Rb1 Qe7 47.Qd2 Rd8 48.Nxd4 Rxd4 49.Qe3 Nf4 50.Rd2 c5 51.Rxb6 Nxg2
52.Kxg2 Rxe4 53.Rxb7 Qxb7 54.Qf3 Qb1 55.Re2 Rxc4 56.Rxe5 Rc1 57.Re7 Qa2 58.g5 Kf8
59.Rd7 Qe6 60.Rd8+ Kg7 61.Qa8 Qe5 62.Qd5 Qe1 63.Kf3 Rc3+ 64.Kg4 Qg1+ 65.Kf4 Qxf2+
66.Ke5 Qg3+  0-1

[Event "Porec Open 2013"]
[Site "Porec CRO"]
[Date "2013.12.08"]
[Round "7.1"]
[White "Fercec,N"]
[Black "Samovojska,D"]
[Result "1-0"]
[WhiteElo "2471"]
[BlackElo "2235"]

1.e4 c6 2.d4 g6 3.Nc3 Bg7 4.f4 d5 5.e5 Nh6 6.Nf3 O-O 7.Be3 b5 8.h3 b4 9.Na4 Nd7
10.Qd2 Qa5 11.b3 f6 12.g4 Nb6 13.Nc5 Nf7 14.Be2 fxe5 15.fxe5 Nd8 16.a3 Nd7
17.Nxd7 Bxd7 18.O-O Ne6 19.axb4 Qb6 20.c3 a5 21.bxa5 Rxa5 22.Rxa5 Qxa5 23.b4 Qa3
24.Ng5 Rxf1+ 25.Bxf1 Bh6 26.Nxe6 Bxe3+ 27.Qxe3 Bxe6 28.Kg2 Qa1 29.Qd2 Kg7
30.Be2 Bc8 31.h4 Qb1 32.h5 Qa1 33.Qg5 Qa7 34.Bd3 Be6 35.hxg6 h6 36.Qh4 Kf8
37.Qxh6+ Ke8 38.g7 Kd7 39.Qxe6+  1-0

[Event "51st Groningen Open A 2013"]
[Site "Groningen NED"]
[Date "2013.12.21"]
[Round "1.9"]
[White "Dijkhuis,Tycho"]
[Black "Novikov,St1"]
[Result "0-1"]
[WhiteElo "2202"]
[BlackElo "2556"]

1.e4 g6 2.d4 Bg7 3.Nc3 c6 4.Nf3 d6 5.h3 b5 6.Bg5 Qc7 7.Qd2 Nd7 8.O-O-O Bb7
9.Bd3 a6 10.Rhe1 e5 11.dxe5 dxe5 12.Be2 Nc5 13.Be3 Ne6 14.Qd6 Qxd6 15.Rxd6 Rd8
16.Rxd8+ Kxd8 17.Ng5 Nxg5 18.Bxg5+ Kc7 19.Rd1 Bh6 20.Bxh6 Nxh6 21.Bf3 f6
22.Ne2 Nf7 23.g3 Nd6 24.Bg2 b4 25.b3 c5 26.f3 f5 27.Rf1 Rf8 28.exf5 Nxf5
29.Rf2 Ne3 30.Bh1 Rd8 31.Rh2 Rd1+ 32.Kb2 Rd2 33.Rf2 Rxc2+  0-1

[Event "51st Groningen Open A 2013"]
[Site "Groningen NED"]
[Date "2013.12.21"]
[Round "1.17"]
[White "Beerdsen,Thomas"]
[Black "Azaladze,S"]
[Result "0-1"]
[WhiteElo "2154"]
[BlackElo "2482"]

1.e4 g6 2.d4 Bg7 3.Nc3 c6 4.Be3 Qb6 5.a3 Nf6 6.f3 d5 7.e5 Ng8 8.f4 Nh6 9.h3 f6
10.Nf3 O-O 11.Bd3 Bf5 12.O-O Bxd3 13.Qxd3 Qa6 14.Qd2 Nd7 15.g4 Nb6 16.b3 Nf7
17.Rae1 fxe5 18.fxe5 e6 19.a4 Nd7 20.Bg5 Nxg5 21.Qxg5 Qa5 22.Qe3 Qb4 23.Ne2 Qe7
24.Kg2 c5 25.c3 Rac8 26.Qg5 Rf7 27.Qxe7 Rxe7 28.Rc1 Ree8 29.Rfd1 a5 30.c4 cxd4
31.cxd5 Rxc1 32.Nxc1 Nxe5 33.Nxe5 Bxe5 34.Re1 Bf4 35.Nd3 Be3 36.dxe6 Rxe6
37.Kf3 Kf7 38.Re2 Ke7 39.Rc2 Kd6 40.Nc5 Rf6+ 41.Ke4 b6 42.Nd3 Re6+ 43.Kf3 Kd5
44.Rc7 Rf6+ 45.Ke2 h6 46.Rd7+ Rd6 47.Rxd6+ Kxd6 48.Kf3 Kd5 49.Ne1 Bd2 50.Nd3 Bg5
51.h4 Bxh4 52.Nf4+ Kc5 53.Nd3+ Kd6 54.Ke4 Bf6 55.Nf4 Bg7 56.Kf3 h5 57.gxh5 gxh5
58.Nxh5 Be5 59.Ke4 Ke6  0-1

[Event "Chinese Teams 2013"]
[Site "Tianjin CHN"]
[Date "2013.12.21"]
[Round "19.1"]
[White "Liu,Manli"]
[Black "Huang Qian"]
[Result "0-1"]
[WhiteElo "2136"]
[BlackElo "2485"]

1.e4 g6 2.d4 Bg7 3.Nc3 c6 4.Be3 d6 5.Qd2 b5 6.f3 Nf6 7.Bd3 Nbd7 8.Bh6 Bxh6
9.Qxh6 e5 10.Nge2 Bb7 11.dxe5 dxe5 12.O-O Qe7 13.a4 a6 14.Kh1 Nc5 15.axb5 cxb5
16.Rfd1 Rd8 17.Rd2 Bc6 18.Rad1 Ne6 19.Nc1 Nd7 20.Bf1 Qf8 21.Qxf8+ Rxf8 22.Nb3 Nb8
23.Nd5 Bxd5 24.Rxd5 Ke7 25.Na5 Rxd5 26.exd5 Nc5 27.b4 Nbd7 28.c4 bxc4 29.Bxc4 Rc8
30.d6+ Kf6 31.Bd5  0-1

[Event "51st Groningen Open A 2013"]
[Site "Groningen NED"]
[Date "2013.12.23"]
[Round "3.6"]
[White "Lobzhanidze,D"]
[Black "Novikov,St1"]
[Result "1-0"]
[WhiteElo "2445"]
[BlackElo "2556"]

1.e4 g6 2.d4 Bg7 3.Nc3 c6 4.Nf3 d6 5.Be3 Nd7 6.Qd2 b5 7.Bd3 Bb7 8.h3 Qc7
9.O-O Ngf6 10.a3 O-O 11.Bh6 a6 12.Rfe1 e5 13.dxe5 dxe5 14.Qg5 c5 15.Bxg7 Kxg7
16.Nh4 Kh8 17.Rad1 b4 18.axb4 cxb4 19.Nb1 Ng8 20.Nd2 a5 21.b3 Nc5 22.Bc4 Rad8
23.Nhf3 Rfe8 24.Qe3 Kg7 25.Nh2 Nf6 26.Ng4 Nxg4 27.hxg4 Rd4 28.f3 Red8 29.Be2 Ne6
30.Nf1 Qxc2 31.Rc1 Qb2 32.Rb1 Qc3 33.Qxc3 bxc3 34.Rec1  1-0

[Event "51st Groningen Open A 2013"]
[Site "Groningen NED"]
[Date "2013.12.24"]
[Round "4.14"]
[White "Mostertman,M"]
[Black "Azaladze,S"]
[Result "0-1"]
[WhiteElo "2304"]
[BlackElo "2482"]

1.e4 g6 2.d4 Bg7 3.Nc3 c6 4.Nf3 d6 5.Be2 Nf6 6.Be3 O-O 7.Qd2 b5 8.a3 a6 9.h3 Qc7
10.g4 e5 11.O-O-O Nbd7 12.dxe5 dxe5 13.Qd6 Qxd6 14.Rxd6 Ne8 15.Rd2 f6 16.h4 Rf7
17.h5 g5 18.Rhd1 Bf8 19.Nh2 Nc7 20.Nf1 Ne6 21.Ng3 Nd4 22.Bxd4 exd4 23.Rxd4 Ne5
24.Rd8 Rfa7 25.Nf5 Bd7 26.Rxa8 Rxa8 27.Na2 Kf7 28.f3 Be6 29.Kb1 Ke8 30.Nd4 Bf7
31.Nc1 Rd8 32.c3 Bc4 33.Bxc4 bxc4 34.Rf1 c5 35.Ne6 Rd2 36.f4 gxf4 37.Rxf4 Bd6
38.Rxf6 Ke7 39.g5 Ng4 40.Rf5 Kxe6 41.g6 hxg6 42.hxg6 Nf6 43.Rg5 Be5 44.g7 Rd8
45.Ne2 Rg8 46.Ng3 Bxg3 47.Rxg3 Nxe4 48.Rg6+ Kf5 49.Rxa6 Rxg7 50.Rh6 Rg1+
51.Ka2 Ke5 52.a4 Nd2 53.Rh4 Kd5 54.Rf4 Nb3 55.Rf5+ Ke4 56.Rf8 Ra1+  0-1

[Event "51st Groningen Open A 2013"]
[Site "Groningen NED"]
[Date "2013.12.24"]
[Round "4.15"]
[White "Afek,Y"]
[Black "Javakhadze,Z"]
[Result "1/2-1/2"]
[WhiteElo "2302"]
[BlackElo "2451"]

1.e4 g6 2.d4 Bg7 3.Nc3 c6 4.Be3 d5 5.Nf3 dxe4 6.Nxe4 Nd7 7.Bc4 Nb6 8.Bb3 Nd5
9.Bd2 Nh6 10.O-O Nf5 11.c4 Nc7 12.Bc3 O-O 13.Qd2 b6 14.Rad1 Bb7 15.Rfe1 Ne8
16.Qe2 Nf6 17.Ng3 e6 18.Nxf5 exf5 19.Qe7 Rb8 20.Qxd8 Rfxd8 21.Ne5 Ne4 22.f3 Nxc3
23.bxc3 Kf8 24.c5 Bxe5 25.Rxe5 Re8 26.Kf2 Ba6 27.cxb6 axb6 28.Ba4 Bc4 29.Bxc6 Rxe5
30.dxe5 Bxa2 31.Rd6 Rc8 32.Ke3 Ke7 33.Kd4 Be6 34.f4 f6 35.Bb5 fxe5+ 36.fxe5 Rb8
37.c4 g5 38.g3 h5 39.Rc6 Rb7 40.h4 Rd7+ 41.Ke3 gxh4 42.gxh4 Rd1 43.Rc7+ Kd8
44.Rc6 Ke7 45.Rxb6 Re1+ 46.Kf4 Re4+ 47.Kg5 Rxe5 48.Rb7+ Kd8 49.Kf6 Re4 50.Rh7 Bc8
51.Rxh5 f4 52.Rd5+ Kc7 53.Rc5+ Kb8 54.Re5 Rd4 55.Rd5 Re4 56.Re5  1/2-1/2

[Event "51st ch-IND Premier 2013"]
[Site "Jalgaon IND"]
[Date "2013.12.24"]
[Round "7.3"]
[White "Adhiban,Baskaran"]
[Black "Akshat,Kh"]
[Result "1/2-1/2"]
[WhiteElo "2569"]
[BlackElo "2409"]

1.e4 g6 2.d4 Bg7 3.Nc3 c6 4.Be3 d5 5.e5 Nh6 6.Qd2 Nf5 7.Bf4 h5 8.Nf3 Nd7
9.Bd3 Nf8 10.Ne2 Nh6 11.h3 Bf5 12.O-O-O Qd7 13.Bxf5 Nxf5 14.g4 Nh6 15.gxh5 gxh5
16.Rdg1 Nf5 17.Kb1 Ng6 18.Bg5 O-O-O 19.Qd3 Rdg8 20.Ng3 Nxg3 21.Rxg3 Bh6 22.Bxh6 Rxh6
23.Qe3 Rhh8 24.Ng5 Nh4 25.Nxf7 Nf5 26.Rxg8+ Rxg8 27.Qf4 e6 28.Nd6+ Nxd6 29.exd6 Qg7
30.a4 Kd7 31.Re1 Rf8 32.Qe5 Qg6 33.f4 b6 34.Re3 h4 35.a5 b5 36.a6 Qh6 37.Re1 Rf5
38.Qe3 Rxf4 39.Qc3 Qf6 40.Re5 Re4 41.Ka2 Qf1 42.Rh5 Qc4+ 43.Qxc4 dxc4 44.Rh7+ Kxd6
45.Rxa7 Rf4 46.Rb7 Rf8 47.a7 Ra8 48.Ka3 c5 49.dxc5+ Kxc5 50.Re7 Kd6 51.Rh7 Kc5
52.Rh5+ Kd6 53.Kb4 Rxa7 54.Rxb5 Rf7 55.Kxc4 Rf4+ 56.Kd3 Rf3+ 57.Kd4 Rxh3
58.Rb6+ Ke7 59.Ke5 Re3+ 60.Kf4 Re2 61.Kg4 Rxc2  1/2-1/2

[Event "Cracovia Open A 2013-14"]
[Site "Krakow POL"]
[Date "2013.12.28"]
[Round "2.10"]
[White "Khamidov,K"]
[Black "Klekowski,M"]
[Result "0-1"]
[WhiteElo "2109"]
[BlackElo "2402"]

1.e4 g6 2.d4 Bg7 3.Nc3 c6 4.Nf3 d5 5.h3 Nh6 6.g4 f6 7.Be3 Nf7 8.Qd2 Nd6 9.Bd3 Qa5
10.exd5 cxd5 11.b4 Qxb4 12.Nxd5 Qxd2+ 13.Kxd2 Kd8 14.Bf4 Be6 15.Ne3 Nd7 16.a4 Nb6
17.Rhb1 Nbc4+ 18.Ke2 b6 19.Nd2 Na5 20.d5 Bf7 21.Nb3 Nxb3 22.Rxb3 Nb7 23.Rbb1 f5
24.Ra3 fxg4 25.hxg4 Bd4 26.Rd1 Bc5 27.Raa1 Nd6 28.c4 Kd7 29.g5 Rhc8 30.Rac1 Rf8
31.Bg3 Be8 32.Rh1 Rf7 33.Ng4 Kc7 34.Ne5 Rg7  0-1

[Event "PanAm Intercollegiate 2013"]
[Site "Lubbock USA"]
[Date "2013.12.28"]
[Round "3.2"]
[White "Ryba,Andrew"]
[Black "Gorovets,A"]
[Result "0-1"]
[WhiteElo "2196"]
[BlackElo "2494"]

1.d4 g6 2.e4 Bg7 3.Nc3 c6 4.Nf3 d5 5.Be2 Bg4 6.Be3 Nf6 7.exd5 cxd5 8.Ne5 Bxe2
9.Qxe2 a6 10.a4 Nc6 11.O-O O-O 12.Nxc6 bxc6 13.b4 Nd7 14.a5 e5 15.Qd2 Qh4
16.Ne2 Rfe8 17.c3 Qe7 18.Rfe1 Nf6 19.dxe5 Ne4 20.Qc2 Bxe5 21.Bd4 Qf6 22.f3 Nd6
23.Qd3 Nc4 24.f4 Bxd4+ 25.Qxd4 Qf5 26.Qf2 Nd6 27.Qf3 Qe6 28.Qf2 Ne4 29.Qe3 Qd6
30.Rad1 Re7 31.Nd4 Rae8 32.Qd3 c5 33.Nc2 Qxf4 34.Rf1 Qe5 35.bxc5 Nxc5 36.Qxd5 Qxc3
37.Nd4 Rd7 38.Qf3 Qxa5 39.Nc6 Qc7 40.Rc1 Qb6 41.Rb1 Qc7 42.Rbc1 Qd6 43.Rfd1 Nd3
44.Qh3 Nxc1 45.Qxd7 Re1+ 46.Kf2 Rxd1 47.Ne7+ Kg7  0-1

[Event "Cracovia Open A 2013-14"]
[Site "Krakow POL"]
[Date "2013.12.29"]
[Round "3.6"]
[White "Nowicki,B"]
[Black "Warakomski,T"]
[Result "0-1"]
[WhiteElo "2251"]
[BlackElo "2499"]

1.e4 g6 2.d4 Bg7 3.Nc3 c6 4.h3 d6 5.f4 e5 6.dxe5 Qh4+ 7.Ke2 dxe5 8.Nf3 Qe7
9.fxe5 Nd7 10.Bg5 f6 11.exf6 Ngxf6 12.Qd4 h6 13.Bh4 g5 14.Be1 Nc5 15.e5 Bf5
16.Kf2 Nfd7 17.b4 Ne6 18.Qe3 O-O 19.Kg1 Bxc2 20.b5 Kh8 21.Rc1 Bh7 22.Bg3 Nf4
23.bxc6 bxc6 24.Re1 Nc5 25.h4 Nfd3 26.hxg5 Nxe1 27.Bxe1 Rxf3 28.Qxf3 Rf8
29.Qe3 hxg5 30.Bf2 Rxf2 31.Kxf2 Bxe5 32.Ne2 Kg7 33.Qf3 Ne4+ 34.Ke3 Qc5+  0-1

[Event "51st Groningen Open A 2013"]
[Site "Groningen NED"]
[Date "2013.12.30"]
[Round "9.38"]
[White "Dijkhuis,Sven"]
[Black "Hulshof,P"]
[Result "0-1"]
[WhiteElo "1941"]
[BlackElo "2215"]

1.e4 g6 2.d4 Bg7 3.Nc3 c6 4.Nf3 d5 5.h3 Nf6 6.e5 Ne4 7.Nxe4 dxe4 8.Ng5 c5
9.Bc4 O-O 10.c3 cxd4 11.cxd4 Nc6 12.Be3 Qa5+ 13.Kf1 h6 14.Nxe4 Bf5 15.Nc5 Qb4
16.Qe2 Rad8 17.Rd1 Nxe5 18.Bb3 Nc6 19.g4 Bc8 20.a3 Qb6 21.Qc4 Na5 22.Qc3 Nxb3
23.Nxb3 Qb5+ 24.Kg2 b6 25.Rhf1 Be6 26.Nc1 Rc8 27.Qd2 Rfd8 28.Ne2 Bc4 29.Rfe1 Bxe2
30.Rxe2 h5 31.f3 e6 32.Bf2 Bxd4 33.Qd3 Qxd3 34.Rxd3 Bxf2 35.Rxd8+ Rxd8 36.Kxf2 hxg4
37.hxg4 Rd3 38.Rc2 Rb3 39.Kg3 g5 40.Kf2 Kg7 41.Ke2 a5 42.Rd2 Kg6 43.Kf2 f5
44.Re2 Kf6 45.Kg2 fxg4 46.fxg4 e5 47.Rf2+ Ke6 48.Rf5 Rxb2+ 49.Kf1 Kd5 50.Rxg5 Ra2
51.Rg6 b5 52.Rb6 Kc5 53.Re6 Rxa3 54.Rxe5+ Kc4 55.g5 Rd3 56.Re4+ Kc5 57.Re5+ Rd5  0-1

[Event "12th Nantes Open"]
[Site "Nantes FRA"]
[Date "2013.12.30"]
[Round "7.4"]
[White "Le Ruyet,L"]
[Black "Colin,V"]
[Result "1/2-1/2"]
[WhiteElo "2259"]
[BlackElo "2413"]

1.e4 g6 2.d4 Bg7 3.Nc3 c6 4.Nf3 d6 5.Be2 b5 6.a3 a6 7.Bf4 Nd7 8.h4 h5 9.Qd2 e5
10.Be3 Ngf6 11.Ng5 Ng4 12.dxe5 Nxe3 13.e6 Nxg2+ 14.Kf1 Ne5 15.Kxg2 fxe6 16.Rad1 d5
17.f4 Nf7 18.Nxf7 Kxf7 19.e5 Bb7 20.Bd3 c5 21.Kh3 c4 22.Bxg6+ Kxg6 23.Rhg1+ Kf7
24.Qg2 Rh7 25.f5 exf5 26.Nxd5 Bxd5 27.Rxd5 Qf8 28.Rd7+ Kg8 29.e6 Re8 30.Rf7 Rxe6
31.Rxf8+ Kxf8 32.Qg5 Rf6 33.Rd1 Rhh6 34.Rd7 Rhg6 35.Rd8+ Ke7 36.Qd2 Rd6 37.Rxd6 Rxd6
38.Qg5+ Bf6 39.Qxh5 Bxb2 40.Qxf5 Bxa3 41.h5 Bc1 42.Qe5+ Kd7 43.Qg7+ Kc6 44.Qg2+ Kc7
45.Qg7+ Kc6  1/2-1/2